COMPUTATIONAL INTELLIGENCE IN ECONOMICS (Record no. 30488)

MARC details
000 -LEADER
fixed length control field 00346nam a2200133Ia 4500
008 - FIXED-LENGTH DATA ELEMENTS--GENERAL INFORMATION
fixed length control field 240624s9999 xx 000 0 und d
041 ## - LANGUAGE CODE
Language code of text/sound track or separate title eng
082 ## - DEWEY DECIMAL CLASSIFICATION NUMBER
Classification number 330.0285 CHE
100 ## - MAIN ENTRY--PERSONAL NAME
Personal name CHEN SHU HENG
245 ## - TITLE STATEMENT
Title COMPUTATIONAL INTELLIGENCE IN ECONOMICS
260 ## - PUBLICATION, DISTRIBUTION, ETC.
Date of publication, distribution, etc. 2007
Place of publication, distribution, etc. New York
Name of publisher, distributor, etc. Springer
300 ## - PHYSICAL DESCRIPTION
Extent xiii, 227 p.; 23 cm.
365 ## - TRADE PRICE
Currency code ERU
Price amount 38
Holdings
Withdrawn status Lost status Damaged status Not for loan Home library Current library Shelving location Date acquired Cost, normal purchase price Full call number Barcode Date last seen Copy number Price effective from Koha item type
        IMTN IMTN Rack 7-A 04/17/2018 145.59 330.0285 CHE 30488 06/24/2024 83.8 06/24/2024 Books
Designed & Maintained by: LRC IMT Nagpur Contact: lrc@imtnag.ac.in© 2024. All Rights Reserved.